MARC

LEADER 00000nam0a2200000 4500
001 125384
005 20231031131335.0
010 |a 5060006077 
020 |a RU  |b 90-46871 
035 |a (RuTPU)RU\TPU\book\135681 
090 |a 125384 
100 |a 20071115d1990 k a0rusy5003 ca 
101 0 |a rus 
102 |a RU 
105 |a y z 001zy 
200 1 |a Механизм экономического роста транснациональных корпораций  |f И. В. Зубарев, И. К. Ключников 
210 |a Москва  |c Высшая школа  |d 1990 
215 |a 157 с. 
320 |a Библиогр. в примеч.: с. 148-158 
610 1 |a механизмы 
610 1 |a экономический рост 
610 1 |a транснациональные корпорации 
610 1 |a информационное обеспечение 
686 |a У88  |2 rubbk 
700 1 |a Зубарев  |b И. В.  |g Иван Викторович 
701 1 |a Ключников  |b И. К.  |g Игорь Константинович 
801 0 |a RU  |b RuMRKP  |c 19950417  |g psbo 
801 1 |a RU  |b 63413507  |c 20071115  |g PSBO 
801 2 |a RU  |b 63413507  |c 20080929  |g PSBO 
942 |c BK